[Event "Scarborough CC Falling Leaves"]
[Site "Toronto CAN"]
[Date "2011.12.08"]
[Round "6"]
[White "Song, Lin"]
[Black "Ward, Dean"]
[Result "1/2-1/2"]
[WhiteElo "1863"]
[BlackElo "1781"]
[PlyCount "64"]
[GameId "2160767909639388"]
[EventDate "2011.11.03"]
[EventType "swiss"]
[EventRounds "7"]
[EventCountry "CAN"]

1. e4 d5 2. exd5 Qxd5 3. Nc3 Qa5 4. Nf3 Nf6 5. Bc4 Bg4 6. h3 Bh5 7. Be2 h6 8. d3 e6 9. Bd2 Nc6 10. a3 Bxf3 11. Bxf3 Qe5+ 12. Ne2 Nd5 13. c4 Nde7 14. Bc3 Qd6 15. b4 O-O-O 16. Qa4 Kb8 17. Rd1 Rg8 18. c5 Qd7 19. b5 Qe8 20. bxc6 Nxc6 21. Rb1 Nd4 22. Rxb7+ Kc8 23. Qxa7 Nxf3+ 24. gxf3 Qc6 25. Ba5 Qxb7 26. Qxb7+ Kxb7 27. d4 Be7 28. Bc3 Rd5 29. Nf4 Rf5 30. Nd3 Rxf3 31. Ke2 Rf5 32. Ne5 Rxe5+ 1/2-1/2

[Event "Scarborough CC Falling Leaves"]
[Site "Toronto CAN"]
[Date "2011.12.08"]
[Round "6"]
[White "Southam, David"]
[Black "Posaratnanathan, Juliaan"]
[Result "1-0"]
[WhiteElo "2154"]
[BlackElo "1878"]
[PlyCount "63"]
[GameId "2160767909639390"]
[EventDate "2011.11.03"]
[EventType "swiss"]
[EventRounds "7"]
[EventCountry "CAN"]

1. d4 Nf6 2. c4 e6 3. g3 Bb4+ 4. Bd2 Qe7 5. Bg2 Nc6 6. a3 Bxd2+ 7. Qxd2 a5 8. b3 e5 9. d5 Nb8 10. e4 d6 11. Ne2 Nbd7 12. O-O Nc5 13. Qc2 Bd7 14. Nbc3 O-O 15. b4 Na6 16. Rab1 Rfc8 17. Rfd1 Ng4 18. Nc1 Rcb8 19. Bf1 Nh6 20. Nd3 axb4 21. axb4 b6 22. Ra1 f5 23. Ra2 fxe4 24. Nxe4 Bc8 25. Rda1 Bb7 26. Bh3 Nf7 27. Qd2 c6 28. Be6 Kh8 29. Bxf7 Qxf7 30. Nxd6 Qc7 31. Nxb7 Qxb7 32. dxc6 1-0

[Event "Scarborough CC Falling Leaves"]
[Site "Toronto CAN"]
[Date "2011.12.08"]
[Round "6"]
[White "Stavropoulos, Greg"]
[Black "Nasirov, Ilyas"]
[Result "0-1"]
[WhiteElo "1819"]
[BlackElo "2062"]
[PlyCount "76"]
[GameId "2160767909639391"]
[EventDate "2011.11.03"]
[EventType "swiss"]
[EventRounds "7"]
[EventCountry "CAN"]

1. c4 e6 2. Nf3 d5 3. g3 Nf6 4. Bg2 Be7 5. O-O O-O 6. d3 b6 7. Nbd2 Bb7 8. Ne5 c5 9. Qa4 Qc7 10. f4 d4 11. Bxb7 Qxb7 12. a3 Bd6 13. Ndf3 Nbd7 14. Nxd7 Nxd7 15. Nd2 Nf6 16. b4 Rfe8 17. bxc5 bxc5 18. Rb1 Qc7 19. Ne4 Be7 20. Bd2 a5 21. Nxf6+ Bxf6 22. Rb5 Qc6 23. Qb3 a4 24. Qb1 e5 25. Rb6 Qc8 26. f5 Bd8 27. Rb5 Qc6 28. Rb7 Bc7 29. Qb5 Qd6 30. g4 h5 31. h3 Reb8 32. Rxb8+ Rxb8 33. Qxa4 Qd8 34. g5 e4 35. h4 Rb2 36. Bf4 Bxf4 37. Rxf4 Qb8 38. Rf2 Qg3+ 0-1

[Event "Scarborough CC Falling Leaves"]
[Site "Toronto CAN"]
[Date "2011.12.15"]
[Round "7"]
[White "Fan, Yibing"]
[Black "Bellissimo, Joseph"]
[Result "0-1"]
[WhiteElo "1745"]
[BlackElo "1933"]
[PlyCount "85"]
[GameId "2160767909639392"]
[EventDate "2011.11.03"]
[EventType "swiss"]
[EventRounds "7"]
[EventCountry "CAN"]

1. d4 Nf6 2. c4 e6 3. Nc3 d5 4. cxd5 exd5 5. Bg5 Be7 6. e3 O-O 7. Bd3 h6 8. Bh4 b6 9. Nge2 Bb7 10. a3 Nbd7 11. b4 Re8 12. O-O Nf8 13. Qb3 c6 14. Rfc1 Ng4 15. Bg3 Bd6 16. Bf5 Bc8 17. Qc2 Bxg3 18. Nxg3 Qh4 19. Bxg4 Qxg4 20. Qe2 Qg6 21. Qh5 Qf6 22. Nce2 Ng6 23. Rc2 Bd7 24. Nc1 Rac8 25. Nd3 Re6 26. Rac1 Rce8 27. Qf5 Qe7 28. Qf3 Rf6 29. Qe2 Qd6 30. Nh5 Rfe6 31. Qf3 Re4 32. Qg3 Qe7 33. Ndf4 Nxf4 34. Nxf4 Rxd4 35. h3 Re4 36. Ne2 Re6 37. Nd4 Rg6 38. Qf3 Qh4 39. Kf1 Rf6 40. Qd1 Rxe3 41. f3 Qg3 42. Rc3 Rxc3 43. Rxc3 0-1

[Event "Scarborough CC Falling Leaves"]
[Site "Toronto CAN"]
[Date "2011.12.15"]
[Round "7"]
[White "Huston, Scott"]
[Black "Armstrong, Robert J"]
[Result "1-0"]
[WhiteElo "1815"]
[BlackElo "1724"]
[PlyCount "31"]
[GameId "2160767909639393"]
[EventDate "2011.11.03"]
[EventType "swiss"]
[EventRounds "7"]
[EventCountry "CAN"]

1. d4 g6 2. c4 Bg7 3. Nc3 Nf6 4. e4 d6 5. Nf3 O-O 6. h3 Nc6 7. Bg5 h6 8. Be3 e5 9. d5 Ne7 10. Qd2 Kh7 11. g4 Nd7 12. Be2 c6 13. dxc6 bxc6 14. Qxd6 Nb6 15. Bc5 Re8 16. Qxd8 1-0

[Event "Scarborough CC Falling Leaves"]
[Site "Toronto CAN"]
[Date "2011.12.15"]
[Round "7"]
[White "Posaratnanathan, Juliaan"]
[Black "Nasirov, Ilyas"]
[Result "1/2-1/2"]
[WhiteElo "1878"]
[BlackElo "2062"]
[PlyCount "113"]
[GameId "2160767909639394"]
[EventDate "2011.11.03"]
[EventType "swiss"]
[EventRounds "7"]
[EventCountry "CAN"]

1. e4 e6 2. d4 d5 3. Nd2 dxe4 4. Nxe4 Nd7 5. Nf3 Ngf6 6. Nxf6+ Nxf6 7. Bb5+ Bd7 8. Qe2 Be7 9. Ne5 O-O 10. Nxd7 Nxd7 11. O-O Bf6 12. Be3 c6 13. Bd3 Re8 14. f4 Nb6 15. c3 Nd5 16. Rf3 g6 17. Kh1 Qb6 18. Bf2 Bg7 19. Be4 Qc7 20. Bg3 Qd7 21. Rd1 Rac8 22. a4 c5 23. c4 Nf6 24. dxc5 Qxa4 25. Ra3 Qb4 26. Rxa7 Qxc5 27. Rxb7 Qxc4 28. Qxc4 Rxc4 29. Bf3 Rec8 30. h3 Ne4 31. Bxe4 Rxe4 32. Rdd7 Bd4 33. h4 h5 34. Rxf7 Bxb2 35. Rfe7 Re2 36. Rb6 Bd4 37. Rbxe6 Rc1+ 38. Kh2 Bg1+ 39. Kh3 Rxe6 40. Rxe6 Kf7 41. Re1 Rxe1 42. Bxe1 Be3 43. Kg3 Kf6 44. Kf3 Bd4 45. g4 hxg4+ 46. Kxg4 Kf7 47. Bb4 Bf2 48. Bc3 Be3 49. Be5 Bc1 50. Bd6 Ke6 51. Be5 Kf7 52. Kg5 Bd2 53. Bd4 Bc1 54. Be5 Bd2 55. h5 gxh5 56. Kxh5 Bxf4 57. Bxf4 1/2-1/2

[Event "Scarborough CC Falling Leaves"]
[Site "Toronto CAN"]
[Date "2011.12.15"]
[Round "7"]
[White "Rutherdale, William"]
[Black "Ward, Dean"]
[Result "0-1"]
[WhiteElo "1703"]
[BlackElo "1781"]
[PlyCount "72"]
[GameId "2160767909639395"]
[EventDate "2011.11.03"]
[EventType "swiss"]
[EventRounds "7"]
[EventCountry "CAN"]

1. d4 d5 2. c4 c6 3. cxd5 cxd5 4. Bf4 Nc6 5. e3 Nf6 6. Nc3 Qa5 7. Bd3 Nb4 8. Bb5+ Bd7 9. Bxd7+ Nxd7 10. a3 Nc6 11. Nf3 Rc8 12. O-O e6 13. Qd3 a6 14. Rac1 Be7 15. e4 dxe4 16. Nxe4 O-O 17. Rfd1 Nf6 18. Nc5 Qb6 19. b4 Rfd8 20. Qc3 Nd5 21. Qd2 Nxf4 22. Qxf4 Bf6 23. Qe4 Rd5 24. Nxe6 Rd6 25. Nc5 Rcd8 26. g3 Nxd4 27. Nxd4 Bxd4 28. Re1 g6 29. Re2 Qb5 30. Rcc2 Bxc5 31. bxc5 Re6 32. Qf3 Rd3 33. Qg4 h5 34. Qb4 Rxe2 35. Qxb5 Re1+ 36. Kg2 axb5 0-1

[Event "Scarborough CC Falling Leaves"]
[Site "Toronto CAN"]
[Date "2011.12.15"]
[Round "7"]
[White "Sharpe, Sam"]
[Black "Krupka, David"]
[Result "1/2-1/2"]
[WhiteElo "1940"]
[BlackElo "1992"]
[PlyCount "40"]
[GameId "2160767909639396"]
[EventDate "2011.11.03"]
[EventType "swiss"]
[EventRounds "7"]
[EventCountry "CAN"]

1. d4 d5 2. Nf3 Nf6 3. c4 dxc4 4. e3 e6 5. Bxc4 c5 6. O-O a6 7. Qe2 Nc6 8. Rd1 Qc7 9. Nc3 Be7 10. a3 b5 11. Ba2 O-O 12. dxc5 Bxc5 13. b4 Be7 14. Bb2 Bb7 15. Rd2 Rfd8 16. Rad1 Rxd2 17. Rxd2 Rd8 18. Bb1 Rxd2 19. Qxd2 Qd6 20. Qxd6 Bxd6 1/2-1/2

[Event "Scarborough CC Falling Leaves U1400"]
[Site "Toronto CAN"]
[Date "2011.11.03"]
[Round "1"]
[White "Dattani, Dinesh"]
[Black "Deng, Yi"]
[Result "1-0"]
[WhiteElo "1257"]
[BlackElo "1027"]
[PlyCount "51"]
[GameId "2160767909639398"]
[EventDate "2011.11.03"]
[EventType "swiss"]
[EventRounds "7"]
[EventCountry "CAN"]
[SourceTitle "EXT 2022"]
[Source "ChessBase"]
[SourceDate "2021.10.06"]
[SourceVersion "1"]
[SourceVersionDate "2021.10.06"]
[SourceQuality "1"]

1. e4 e5 2. Nf3 Nc6 3. d4 exd4 4. Nxd4 Nxd4 5. Qxd4 Nf6 6. Bg5 Be7 7. Bc4 O-O 8. O-O h6 9. Bh4 Re8 10. Nd2 c5 11. Qe3 Qb6 12. Bb3 Nh7 13. Nc4 Qg6 14. Ne5 Qh5 15. Bxf7+ Qxf7 16. Nxf7 Kxf7 17. Bxe7 Rxe7 18. Qxc5 Re6 19. Qf5+ Nf6 20. e5 b6 21. exf6 Rxf6 22. Qd5+ Ke7 23. Rae1+ Re6 24. Rxe6+ dxe6 25. Qxa8 Ba6 26. Re1 1-0

[Event "Scarborough CC Falling Leaves U1400"]
[Site "Toronto CAN"]
[Date "2011.11.03"]
[Round "1"]
[White "Frias, Evnato"]
[Black "Kaneshalingam, Mathanhe"]
[Result "1-0"]
[WhiteElo "1241"]
[BlackElo "993"]
[PlyCount "94"]
[GameId "2160767909639399"]
[EventDate "2011.11.03"]
[EventType "swiss"]
[EventRounds "7"]
[EventCountry "CAN"]
[SourceTitle "EXT 2022"]
[Source "ChessBase"]
[SourceDate "2021.10.06"]
[SourceVersion "1"]
[SourceVersionDate "2021.10.06"]
[SourceQuality "1"]

1. e4 c5 2. Nf3 Nc6 3. Bb5 d6 4. d4 cxd4 5. Qxd4 Bd7 6. Bxc6 Bxc6 7. Nc3 e5 8. Qc4 Nf6 9. Ng5 Qe7 10. O-O g6 11. Nd5 Bxd5 12. exd5 Bg7 13. f4 O-O 14. fxe5 Qxe5 15. Qh4 h6 16. Nh3 g5 17. Bxg5 hxg5 18. Nxg5 Rfe8 19. Rxf6 Qxf6 20. Qh7+ Kf8 21. Qh5 Re5 22. Nh7+ Ke7 23. Nxf6 Rxh5 24. Nxh5 Bxb2 25. Rb1 Bd4+ 26. Kh1 b6 27. Re1+ Kf8 28. Ng3 Be5 29. Ne4 Rc8 30. Re2 Rc4 31. g3 Ra4 32. c3 b5 33. Kg2 b4 34. cxb4 Rxb4 35. h4 f6 36. g4 Rb7 37. Rf2 Rf7 38. Nd2 a5 39. Nc4 a4 40. Nxe5 fxe5 41. Rxf7+ Kxf7 42. Kf3 Kg6 43. h5+ Kg5 44. a3 Kf6 45. Ke4 Kg5 46. Kf3 Kf6 47. Ke3 Kg5 1-0

[Event "Scarborough CC Falling Leaves U1400"]
[Site "Toronto CAN"]
[Date "2011.11.03"]
[Round "1"]
[White "Lin, Benjamin1"]
[Black "Lu, Leo"]
[Result "1-0"]
[WhiteElo "1174"]
[BlackElo "973"]
[PlyCount "43"]
[GameId "2160767909639400"]
[EventDate "2011.11.03"]
[EventType "swiss"]
[EventRounds "7"]
[EventCountry "CAN"]
[SourceTitle "EXT 2022"]
[Source "ChessBase"]
[SourceDate "2021.10.06"]
[SourceVersion "1"]
[SourceVersionDate "2021.10.06"]
[SourceQuality "1"]

1. c4 e5 2. Nc3 Bc5 3. d3 d6 4. e4 h5 5. Be2 Qf6 6. Nf3 Be6 7. Nb5 Na6 8. Qa4 Qg6 9. Ng5 O-O-O 10. O-O f6 11. Nxe6 Re8 12. Nxc5 dxc5 13. Nxa7+ Kb8 14. Nc6+ Ka8 15. Na5 f5 16. exf5 Qf7 17. Bf3 c6 18. Nb3 Qc7 19. Nxc5 Ka7 20. Nxa6 bxa6 21. Qxc6 Qb8 22. Be3+ 1-0

[Event "Scarborough CC Falling Leaves U1400"]
[Site "Toronto CAN"]
[Date "2011.11.03"]
[Round "1"]
[White "Ming, Wenyang"]
[Black "Wu, Mark"]
[Result "1-0"]
[WhiteElo "1215"]
[BlackElo "979"]
[PlyCount "115"]
[GameId "2160767909639401"]
[EventDate "2011.11.03"]
[EventType "swiss"]
[EventRounds "7"]
[EventCountry "CAN"]
[SourceTitle "EXT 2022"]
[Source "ChessBase"]
[SourceDate "2021.10.06"]
[SourceVersion "1"]
[SourceVersionDate "2021.10.06"]
[SourceQuality "1"]

1. e4 e5 2. Nf3 Nc6 3. Bc4 Bc5 4. d3 h6 5. Nc3 d6 6. h3 Nf6 7. Be3 Be6 8. Bxe6 fxe6 9. Bxc5 dxc5 10. O-O O-O 11. Qe2 Nd4 12. Qd1 Nc6 13. a3 a6 14. Qe1 Nd4 15. Qd1 Nc6 16. Rc1 Rc8 17. Qe1 Nd4 18. Nxe5 Nd7 19. Nxd7 Qxd7 20. Ne2 Rb8 21. Nxd4 cxd4 22. f3 e5 23. Qg3 Qb5 24. Rb1 Qc6 25. Qxe5 Qxc2 26. Qxd4 Rbd8 27. Qc4+ Qxc4 28. dxc4 Rd4 29. b3 b5 30. cxb5 axb5 31. Rfd1 c5 32. Rxd4 cxd4 33. Kf2 Rc8 34. Ke2 Rc2+ 35. Kd3 Rxg2 36. Kxd4 Rg3 37. a4 bxa4 38. bxa4 Rxf3 39. a5 Ra3 40. Rb5 Rxh3 41. a6 Ra3 42. Rb6 h5 43. Kc4 h4 44. Kb5 h3 45. Rd6 g5 46. Rg6+ Kf7 47. Rxg5 h2 48. Rh5 Ra2 49. Kb6 Rb2+ 50. Kc6 Rc2+ 51. Kd5 Rd2+ 52. Ke5 Ra2 53. Kf4 Kg6 54. Rh3 Rxa6 55. Rxh2 Rf6+ 56. Ke5 Kf7 57. Rh7+ Kg6 58. Rh6+ 1-0

[Event "Scarborough CC Falling Leaves U1400"]
[Site "Toronto CAN"]
[Date "2011.11.03"]
[Round "1"]
[White "Paraparan, Varshini"]
[Black "Zhang, Taylor"]
[Result "0-1"]
[WhiteElo "978"]
[BlackElo "1186"]
[PlyCount "110"]
[GameId "2160767909639402"]
[EventDate "2011.11.03"]
[EventType "swiss"]
[EventRounds "7"]
[EventCountry "CAN"]
[SourceTitle "EXT 2022"]
[Source "ChessBase"]
[SourceDate "2021.10.06"]
[SourceVersion "1"]
[SourceVersionDate "2021.10.06"]
[SourceQuality "1"]

1. e4 e5 2. Nf3 Nc6 3. Bb5 Be7 4. O-O d6 5. c3 Nf6 6. Re1 O-O 7. d4 Bg4 8. Bxc6 bxc6 9. dxe5 Bxf3 10. Qxf3 dxe5 11. Qg3 Nd7 12. Rd1 Qe8 13. Nd2 f5 14. Re1 Bc5 15. Nf3 f4 16. Qh3 Nf6 17. Ng5 h6 18. Ne6 Qg6 19. Nxc5 Ng4 20. Nd3 Rad8 21. Nc5 Rd6 22. f3 h5 23. fxg4 hxg4 24. Qh4 f3 25. Rf1 f2+ 26. Kh1 Rd1 27. Be3 Rxa1 28. Rxa1 f1=Q+ 29. Rxf1 Rxf1+ 30. Bg1 Qd6 31. Qxg4 Qxc5 32. Qc8+ Qf8 33. Qe6+ Rf7 34. Bc5 Qxc5 35. Qc8+ Qf8 36. Qe6 Qe7 37. Qc8+ Rf8 38. Qa6 Qd7 39. Qe2 Rd8 40. Qc4+ Kh8 41. h3 Qe8 42. Qe2 Qf7 43. a3 Rf8 44. Kg1 Qg6 45. Qe1 Qh5 46. b4 Rd8 47. Qf2 Qg5 48. Qe2 Rd2 49. Qf1 Qe3+ 50. Kh1 Rf2 51. Qd1 Qg3 52. Qh5+ Kg8 53. Qe8+ Rf8 54. Qe6+ Kh7 55. Qc4 Rf2 0-1

[Event "Scarborough CC Falling Leaves U1400"]
[Site "Toronto CAN"]
[Date "2011.11.03"]
[Round "1"]
[White "Roy, Harrison"]
[Black "Souchko, Larissa"]
[Result "0-1"]
[WhiteElo "916"]
[BlackElo "1157"]
[PlyCount "54"]
[GameId "2160767909639403"]
[EventDate "2011.11.03"]
[EventType "swiss"]
[EventRounds "7"]
[EventCountry "CAN"]
[SourceTitle "EXT 2022"]
[Source "ChessBase"]
[SourceDate "2021.10.06"]
[SourceVersion "1"]
[SourceVersionDate "2021.10.06"]
[SourceQuality "1"]

1. e4 c5 2. Nf3 d6 3. d4 cxd4 4. Nxd4 a6 5. Nc3 Nc6 6. Nxc6 bxc6 7. Bc4 e6 8. Be2 Nf6 9. Bg5 Be7 10. O-O O-O 11. Qd3 e5 12. Qg3 g6 13. Bd3 Rb8 14. Nd1 Nh5 15. Bxe7 Qxe7 16. Qf3 Be6 17. Ne3 Rxb2 18. Bxa6 Rbb8 19. Bc4 Kg7 20. Rab1 Ra8 21. Ra1 f5 22. Bxe6 Qxe6 23. Qh3 Nf4 24. Qg3 Ne2+ 25. Kh1 Nxg3+ 26. fxg3 fxe4 27. Rxf8 Rxf8 0-1

[Event "Scarborough CC Falling Leaves U1400"]
[Site "Toronto CAN"]
[Date "2011.11.03"]
[Round "1"]
[White "Zhao, Harry"]
[Black "Roy, Lawrence"]
[Result "1-0"]
[WhiteElo "1296"]
[BlackElo "1053"]
[PlyCount "91"]
[GameId "2160767909639404"]
[EventDate "2011.11.03"]
[EventType "swiss"]
[EventRounds "7"]
[EventCountry "CAN"]
[SourceTitle "EXT 2022"]
[Source "ChessBase"]
[SourceDate "2021.10.06"]
[SourceVersion "1"]
[SourceVersionDate "2021.10.06"]
[SourceQuality "1"]

1. e4 e5 2. Nf3 Nf6 3. Nxe5 d6 4. Nf3 Nxe4 5. d3 Nf6 6. Nc3 d5 7. Be2 Be7 8. O-O O-O 9. h3 Re8 10. Be3 Bd7 11. Re1 Nc6 12. d4 h6 13. a3 Be6 14. Bd3 Bd6 15. Nb5 a6 16. Nxd6 Qxd6 17. Qc1 Qd8 18. Ne5 Nxe5 19. dxe5 Nd7 20. f4 f5 21. c4 c6 22. cxd5 cxd5 23. Qd2 b6 24. Qf2 b5 25. Rac1 Rc8 26. Rxc8 Qxc8 27. Rc1 Qd8 28. Be2 Qe7 29. Bf3 Rd8 30. Qd2 Nf8 31. Bc5 Qe8 32. Bd6 Ng6 33. Bxd5 Bxd5 34. Qxd5+ Qf7 35. Qxf7+ Kxf7 36. g3 h5 37. h4 Ke6 38. Rc6 a5 39. Bc7+ Kd7 40. Bxd8 Kxc6 41. Bxa5 Ne7 42. Kf2 Kc5 43. Bb4+ Kc4 44. Bxe7 Kb3 45. Bd6 Kxb2 46. e6 1-0

[Event "Scarborough CC Falling Leaves U1400"]
[Site "Toronto CAN"]
[Date "2011.11.10"]
[Round "2"]
[White "Chen, George"]
[Black "Zhao, Harry"]
[Result "1/2-1/2"]
[WhiteElo "1227"]
[BlackElo "1296"]
[PlyCount "44"]
[GameId "2160767909639405"]
[EventDate "2011.11.03"]
[EventType "swiss"]
[EventRounds "7"]
[EventCountry "CAN"]
[SourceTitle "EXT 2022"]
[Source "ChessBase"]
[SourceDate "2021.10.06"]
[SourceVersion "1"]
[SourceVersionDate "2021.10.06"]
[SourceQuality "1"]

1. d4 Nf6 2. c4 e6 3. Nc3 d5 4. Bg5 Bb4 5. Qb3 Bxc3+ 6. Qxc3 Nbd7 7. Nf3 h6 8. Bh4 c6 9. e3 O-O 10. Bd3 Qc7 11. Bg3 Qb6 12. c5 Qd8 13. O-O Ne8 14. Bh4 g5 15. Bg3 Qf6 16. Qc2 Qg7 17. h3 f5 18. Qc3 Ndf6 19. Be5 Qf7 20. Bh2 Ne4 21. Bxe4 dxe4 22. Ne5 Qg7 1/2-1/2

[Event "Scarborough CC Falling Leaves U1400"]
[Site "Toronto CAN"]
[Date "2011.11.10"]
[Round "2"]
[White "Deng, Yi"]
[Black "Maurer, Hans"]
[Result "0-1"]
[WhiteElo "1027"]
[BlackElo "991"]
[PlyCount "46"]
[GameId "2160767909639406"]
[EventDate "2011.11.03"]
[EventType "swiss"]
[EventRounds "7"]
[EventCountry "CAN"]
[SourceTitle "EXT 2022"]
[Source "ChessBase"]
[SourceDate "2021.10.06"]
[SourceVersion "1"]
[SourceVersionDate "2021.10.06"]
[SourceQuality "1"]

1. d4 f5 2. Nc3 Nc6 3. a3 e6 4. Nf3 Nf6 5. Bg5 h6 6. Bf4 d5 7. Nb5 Bd6 8. Nxd6+ cxd6 9. e3 a6 10. Be2 Ne4 11. Bd3 Qa5+ 12. c3 g5 13. Bg3 Nxg3 14. fxg3 g4 15. Nd2 Bd7 16. h3 Rf8 17. hxg4 fxg4 18. Qxg4 O-O-O 19. Rxh6 e5 20. Qd1 Rde8 21. b4 Qd8 22. Be2 Qg5 23. Rxd6 Qxg3# 0-1

[Event "Scarborough CC Falling Leaves U1400"]
[Site "Toronto CAN"]
[Date "2011.11.10"]
[Round "2"]
[White "Kaneshalingam, Mathanhe"]
[Black "Paraparan, Varshini"]
[Result "0-1"]
[WhiteElo "993"]
[BlackElo "978"]
[PlyCount "142"]
[GameId "2160767909639407"]
[EventDate "2011.11.03"]
[EventType "swiss"]
[EventRounds "7"]
[EventCountry "CAN"]
[SourceTitle "EXT 2022"]
[Source "ChessBase"]
[SourceDate "2021.10.06"]
[SourceVersion "1"]
[SourceVersionDate "2021.10.06"]
[SourceQuality "1"]

1. d4 Nf6 2. c4 e6 3. Nc3 Bb4 4. Bd2 O-O 5. Nf3 d5 6. e3 b6 7. Bd3 dxc4 8. Bxc4 Bb7 9. O-O Nbd7 10. Rc1 Re8 11. a3 Bf8 12. Re1 e5 13. Ng5 Re7 14. Bb3 exd4 15. exd4 h6 16. Rxe7 Qxe7 17. Nxf7 Kh7 18. Qe1 Re8 19. Qxe7 Rxe7 20. Re1 Rxe1+ 21. Bxe1 Kg6 22. Ne5+ Nxe5 23. dxe5 Nd7 24. f4 Bc5+ 25. Kh1 Be3 26. Bc2+ Kh5 27. Bd1+ Kg6 28. Bc2+ Kf7 29. Bb3+ Ke7 30. Nd5+ Bxd5 31. Bxd5 Bxf4 32. e6 Nf6 33. Bb3 Be5 34. Bc3 Bxc3 35. bxc3 Nh7 36. g4 Ng5 37. Kg2 Nxe6 38. Bxe6 Kxe6 39. Kf3 a5 40. c4 c6 41. a4 Kd6 42. Kf4 Kc5 43. Kf5 Kxc4 44. Kg6 c5 45. Kxg7 Kb4 46. Kxh6 c4 47. g5 c3 48. g6 c2 49. g7 c1=Q+ 50. Kh7 Qc7 51. Kh8 Qxh2+ 52. Kg8 Kc5 53. Kf8 Qg3 54. g8=Q Qxg8+ 55. Kxg8 b5 56. axb5 Kxb5 57. Kf7 a4 58. Ke7 a3 59. Ke6 a2 60. Kd5 a1=Q 61. Ke4 Qf6 62. Kd5 Qf4 63. Ke6 Qg5 64. Kf7 Qh6 65. Ke7 Kc6 66. Kf7 Kd6 67. Kg8 Qe6+ 68. Kf8 Qd7 69. Kg8 Ke6 70. Kh8 Kf6 71. Kg8 Qg7# 0-1

[Event "Scarborough CC Falling Leaves U1400"]
[Site "Toronto CAN"]
[Date "2011.11.10"]
[Round "2"]
[White "Liao, Jacky"]
[Black "Patel, Saiyam"]
[Result "1-0"]
[WhiteElo "1281"]
[BlackElo "879"]
[PlyCount "61"]
[GameId "2160767909639408"]
[EventDate "2011.11.03"]
[EventType "swiss"]
[EventRounds "7"]
[EventCountry "CAN"]
[SourceTitle "EXT 2022"]
[Source "ChessBase"]
[SourceDate "2021.10.06"]
[SourceVersion "1"]
[SourceVersionDate "2021.10.06"]
[SourceQuality "1"]

1. e4 e6 2. Nf3 Bc5 3. d4 Bd6 4. Bc4 g5 5. Nxg5 Nf6 6. e5 h6 7. Nf3 b5 8. Bxb5 a6 9. Bc4 Bb7 10. exd6 Bxf3 11. Qxf3 cxd6 12. Qxa8 d5 13. Bd3 Ne4 14. Bxe4 dxe4 15. Qxe4 d5 16. Qe5 f6 17. Qxe6+ Qe7 18. Qxe7+ Kxe7 19. O-O Rg8 20. Nc3 Nd7 21. Nxd5+ Ke6 22. c4 Nf8 23. Re1+ Kf7 24. Re7+ Kg6 25. g4 Rg7 26. Nf4+ Kg5 27. Rxg7+ Kh4 28. Ng2+ Kh3 29. f3 Ne6 30. Rg6 Nf8 31. Rxh6# 1-0

[Event "Scarborough CC Falling Leaves U1400"]
[Site "Toronto CAN"]
[Date "2011.11.10"]
[Round "2"]
[White "Lin, Benjamin1"]
[Black "Dattani, Dinesh"]
[Result "1-0"]
[WhiteElo "1272"]
[BlackElo "1257"]
[PlyCount "102"]
[GameId "2160767909639409"]
[EventDate "2011.11.03"]
[EventType "swiss"]
[EventRounds "7"]
[EventCountry "CAN"]
[SourceTitle "EXT 2022"]
[Source "ChessBase"]
[SourceDate "2021.10.06"]
[SourceVersion "1"]
[SourceVersionDate "2021.10.06"]
[SourceQuality "1"]

1. c4 e5 2. Nc3 Nf6 3. e4 c6 4. d3 Be7 5. Be2 O-O 6. Nf3 d6 7. O-O Nbd7 8. Be3 Ng4 9. d4 Nxe3 10. fxe3 Nf6 11. h3 Qc7 12. Kh1 Nh5 13. Qe1 Bd7 14. Nd2 Nf6 15. Qg3 Be8 16. Nb3 Nd7 17. Rf3 f6 18. Raf1 Bg6 19. R3f2 c5 20. d5 Qb6 21. Kh2 Qb4 22. Rh1 Nb6 23. Kg1 Nxc4 24. Bd3 Na5 25. Nxa5 Qxa5 26. h4 Qd8 27. h5 Be8 28. Bb5 Qb6 29. Bxe8 Raxe8 30. Qg4 c4 31. Qe6+ Rf7 32. Qd7 Ref8 33. Qa4 Qxe3 34. Qxc4 Bd8 35. Qe2 Bb6 36. Qxe3 Bxe3 37. Nb5 Bxf2+ 38. Kxf2 f5 39. Nxd6 f4 40. Nxf7 Rxf7 41. Rc1 Rd7 42. Kf3 Kf7 43. Kg4 Kf6 44. Rc5 g6 45. hxg6 hxg6 46. Rc1 Rd6 47. Rc3 Rb6 48. Rb3 Rxb3 49. axb3 g5 50. g3 fxg3 51. Kxg3 Ke7 1-0

[Event "Scarborough CC Falling Leaves U1400"]
[Site "Toronto CAN"]
[Date "2011.11.10"]
[Round "2"]
[White "Lu, Leo"]
[Black "Yu, Tianxi"]
[Result "0-1"]
[WhiteElo "973"]
[BlackElo "1024"]
[PlyCount "92"]
[GameId "2160767909639410"]
[EventDate "2011.11.03"]
[EventType "swiss"]
[EventRounds "7"]
[EventCountry "CAN"]
[SourceTitle "EXT 2022"]
[Source "ChessBase"]
[SourceDate "2021.10.06"]
[SourceVersion "1"]
[SourceVersionDate "2021.10.06"]
[SourceQuality "1"]

1. e4 e5 2. Nc3 Nf6 3. Nf3 Nc6 4. d3 d5 5. d4 dxe4 6. dxe5 Qxd1+ 7. Nxd1 exf3 8. exf6 fxg2 9. fxg7 Bxg7 10. Bxg2 Bf5 11. Ne3 Be6 12. O-O O-O-O 13. Rd1 Rxd1+ 14. Nxd1 Bd4 15. Bf4 Nb4 16. Rb1 Bxa2 17. Rc1 Rg8 18. c3 Nd3 19. cxd4 Nxf4 20. Ne3 Bd5 21. Kh1 Bxg2+ 22. Nxg2 Nxg2 23. Ra1 a6 24. b4 Nf4 25. h4 Kd7 26. Re1 Re8 27. Rd1 Re4 28. Kh2 Kd6 29. Kg3 Ne2+ 30. Kf3 Nc3 31. Rc1 Rxd4 32. Rxc3 Rxb4 33. Rd3+ Ke6 34. Ke2 c5 35. Re3+ Kf6 36. Rc3 c4 37. Ke3 Ke5 38. f4+ Kd5 39. Kf3 Kd4 40. Rc1 c3 41. Ke2 Rc4 42. Rd1+ Kc5 43. Rc1 b5 44. Kd1 b4 45. Kc2 a5 46. Ra1 Kb5 0-1